000 00777nam a2200241Ia 4500
003 OSt
005 20221005112848.0
006 a|||||r|||| 00| 0
007 ta
008 221004b |||||||| |||| 00| 0 pan d
020 _a8187762519 (hbk)
_c300
024 _a105552
037 _b511, 02/02/2011, H.K. Prakashan
_cTextual
040 _aCRL
_cCRL
_bpan
041 _2pan
_apan
082 _aO153,6(w,1):g, P8
100 _aਰਣਜੀਤ ਕੌਰ
245 0 _aਸਵੈ ਦੇ ਆਰ ਪਾਰ
260 _aਦਿੱਲੀ
_bਐਚ. ਕੇ. ਪ੍ਰਕਾਨ ਭਾਰਤ
_c2008
300 _a231ਪੰ
_ccm.
942 _hO153,6(w,1):g, P8
_cTEXL
_2cc
999 _c1026230
_d1026230